Global Economic Prospects 2008 (Record no. 15094)

000 -LEADER
fixed length control field 02715cam a22003494a 4500
020 ## - INTERNATIONAL STANDARD BOOK NUMBER
ISBN 082137365X
020 ## - INTERNATIONAL STANDARD BOOK NUMBER
ISBN 9780821373668
040 ## - CATALOGING SOURCE
Transcribing agency DDC
082 ## - DEWEY DECIMAL CLASSIFICATION NUMBER
Classification number 338 THE 2008 A074 Or.
110 2# - MAIN ENTRY--CORPORATE NAME
Corporate name or jurisdiction name as entry element World Bank.
245 10 - TITLE STATEMENT
Title Global Economic Prospects 2008
Remainder of title Technology Diffusion in the Developing World.
260 ## - PUBLICATION, DISTRIBUTION, ETC. (IMPRINT)
Place of publication Washington, D.C. :
Name of publisher The World Bank,
Year of publication 2008.
300 ## - PHYSICAL DESCRIPTION
Number of Pages 1 online resource (201 p.)
490 1# - SERIES STATEMENT
Series statement Global Economic Prospects
520 3# - SUMMARY, ETC.
Summary, etc Global Economic Prospects 2008: Technology Diffusion in the Developing World examines the state of technology in developing countries and the pace with which it has advanced since the early 1990s. It reveals both encouraging and cautionary trends. On the one hand, the pace of technological progress in developing countries has been much faster than in high-income countries-reflecting increased exposure to foreign technology as a result of linkages with high-skilled diasporas and the opening of these countries to international trade and foreign direct investment.On the other hand, the technology gap remains large, and the domestic factors that determine how quickly technologies spread within developing countries often stymie progress, especially among low-income countries. This year's Global Economic Prospects comes on the heels of an extended period of strong growth and a 15 year period of strong performance in much of the developing world, which has contributed to substantial declines in global poverty. While high oil prices and heightened market volatility may signal a coming pause in this process, over the longer term continued technological progress should continue to push back poverty. Rapid technological progress in developing countries has been central to the reduction of poverty in recent decades. While the integration of global markets has played and will continue to play a key role in this, future success will increasingly depend on strengthening technical competencies and the business environment for innovative firms in developing countries.
650 #4 - SUBJECT ADDED ENTRY--TOPICAL TERM
Topical Term Currencies and Exchange Rates.
650 #4 - SUBJECT ADDED ENTRY--TOPICAL TERM
Topical Term Debt Markets.
650 #4 - SUBJECT ADDED ENTRY--TOPICAL TERM
Topical Term Economic Conditions and Volatility.
650 #4 - SUBJECT ADDED ENTRY--TOPICAL TERM
Topical Term Economic Theory and Research.
650 #4 - SUBJECT ADDED ENTRY--TOPICAL TERM
Topical Term Emerging Markets.
650 #4 - SUBJECT ADDED ENTRY--TOPICAL TERM
Topical Term Finance and Financial Sector Development.
650 #4 - SUBJECT ADDED ENTRY--TOPICAL TERM
Topical Term Financial Literacy.
650 #4 - SUBJECT ADDED ENTRY--TOPICAL TERM
Topical Term ICT Policy and Strategies.
650 #4 - SUBJECT ADDED ENTRY--TOPICAL TERM
Topical Term Industry.
650 #4 - SUBJECT ADDED ENTRY--TOPICAL TERM
Topical Term Information and Communication Technologies.
650 #4 - SUBJECT ADDED ENTRY--TOPICAL TERM
Topical Term Macroeconomics and Economic Growth.
650 #4 - SUBJECT ADDED ENTRY--TOPICAL TERM
Topical Term Private Sector Development.
650 #4 - SUBJECT ADDED ENTRY--TOPICAL TERM
Topical Term Technology Industry.
710 2# - ADDED ENTRY--CORPORATE NAME
Corporate name or jurisdiction name as entry element World Bank.
856 40 - ELECTRONIC LOCATION AND ACCESS
Uniform Resource Identifier http://elibrary.worldbank.org/content/book/9780821373651
942 ## - ADDED ENTRY ELEMENTS (KOHA)
Koha item type សៀវភៅភាសាអង់គ្លេស
952 ## - LOCATION AND ITEM INFORMATION (KOHA)
Withdrawn status [LOCAL, KOHA] 0
Holdings
Permanent Location Date acquired Koha item type Lost status Shelving location Barcode Current Location Full call number
Library Block A2017-11-10សៀវភៅភាសាអង់គ្លេស A074A06610Library Block A338 THE 2008 A074 Or.
មជ្ឈមណ្ឌលឯការនៃសាកលវិទ្យាល័យភូមិន្ទកសិកម្មចំការដូង

Powered by Koha